Rental revival (Record no. 79624)
[ view plain ]
| 000 -LEADER | |
|---|---|
| fixed length control field | 01053cab a22001935a 4500 |
| 001 - CONTROL NUMBER | |
| control field | L141850 |
| 008 - FIXED-LENGTH DATA ELEMENTS--GENERAL INFORMATION | |
| fixed length control field | 080103s2008 xxk f 000 0 eng d |
| 035 ## - SYSTEM CONTROL NUMBER | |
| System control number | (Sirsi) u141850 |
| 041 0# - LANGUAGE CODE | |
| Language code of text/sound track or separate title | eng |
| 100 1# - MAIN ENTRY--PERSONAL NAME | |
| Personal name | Wilcox, Steve |
| 245 00 - TITLE STATEMENT | |
| Title | Rental revival |
| 260 ## - PUBLICATION, DISTRIBUTION, ETC. | |
| Date of publication, distribution, etc. | 2007 |
| 490 ## - SERIES STATEMENT | |
| Series statement | Roof |
| Volume/sequential designation | 33(1) January/February 2008, 33-35(3) |
| 520 ## - SUMMARY, ETC. | |
| Summary, etc. | Reports on a resurgence in the private rented sector. It is now cheaper to rent than to buy in all parts of the country. Rents have kept pace with earnings, but property prices have soared. The growth in buy-to-let mortgages is seen as partly responsible. Some are attracted to the private rented sector by the higher mobility it provides. The lack of maintenance costs as a tenant is also a factor. If new investment in private renting declines as a result of the Northern Rock credit crunch, rents may fall further. However limited supply means this is not inevitable. |
| 590 ## - LOCAL NOTE (RLIN) | |
| Local note | KA |
| 651 #4 - SUBJECT ADDED ENTRY--GEOGRAPHIC NAME | |
| Geographic name | United Kingdom |
| Chronological subdivision | |
| 690 ## - LOCAL SUBJECT ADDED ENTRY--TOPICAL TERM (OCLC, RLIN) | |
| Topical term or geographic name as entry element | PROPERTY-RESIDENTIAL PROPERTY-RESIDENTIAL PROPERTY MARKET |
| 942 ## - ADDED ENTRY ELEMENTS (KOHA) | |
| Suppress in OPAC | 0 |
| Withdrawn status | Lost status | Source of classification or shelving scheme | Damaged status | Not for loan | Home library | Current library | Shelving location | Date acquired | Total Checkouts | Full call number | Barcode | Date last seen | Copy number | Price effective from | Koha item type |
|---|---|---|---|---|---|---|---|---|---|---|---|---|---|---|---|
| Dewey Decimal Classification | London | London | Journal article | 03/01/2008 | L141850 | 141850-1001 | 06/08/2019 | 1 | 06/08/2019 | Journal article |